000 00413nam a2200169Ia 4500
005 20140403134016.0
008 140130s9999 xx 000 0 und d
050 _aPZ 7
_b.Ev93 1967
245 _cEvslin, Bernard
_aHeroes & monsters of greek myth
260 _bScholastic,
_c1967
300 _a112 p. :
_c21 cm.
440 _v1
_931174
521 _aG7
526 _c870
942 _cBK
_2lcc
999 _c41242
_d41242